Product Management in India (Record no. 3634)

MARC details
000 -LEADER
fixed length control field 00385nam a22001697a 4500
005 - DATE AND TIME OF LATEST TRANSACTION
control field 20160623104833.0
008 - FIXED-LENGTH DATA ELEMENTS--GENERAL INFORMATION
fixed length control field 160623b xxu||||| |||| 00| 0 eng d
020 ## - INTERNATIONAL STANDARD BOOK NUMBER
ISBN 978-81-203-3383-3
041 ## - LANGUAGE CODE
Language code of text/sound track or separate title eng
082 ## - DEWEY DECIMAL CLASSIFICATION NUMBER
Item number 9284
100 ## - MAIN ENTRY--AUTHOR NAME
Personal name Majumdar, Ramanuj
245 ## - TITLE STATEMENT
Title Product Management in India
260 ## - PUBLICATION, DISTRIBUTION, ETC. (IMPRINT)
Name of publisher PHI
300 ## - PHYSICAL DESCRIPTION
Number of Pages 423
650 ## - SUBJECT ADDED ENTRY--TOPICAL TERM
Topical Term Management
942 ## - ADDED ENTRY ELEMENTS (KOHA)
Koha item type Books
Holdings
Lost status Damaged status Collection code Home library Current library Shelving location Date acquired Cost, normal purchase price Full call number Accession Number Koha item type
    MANAGEMENT JRU Library JRU Library SHELF- 67 D 23/06/2016 350.00 9284 9284 Books
    MANAGEMENT JRU Library JRU Library SHELF- 67 D 23/06/2016 350.00 9284 9285 Books
    MANAGEMENT JRU Library JRU Library SHELF- 67 D 23/06/2016 350.00 9284 9286 Books
    Reference JRU Library   SHELF-29-D 23/06/2016 350.00 9284 9287 Books
    MANAGEMENT JRU Library JRU Library SHELF- 67 D 23/06/2016 350.00 9284 9288 Books
    MANAGEMENT JRU Library JRU Library SHELF- 67 D 23/06/2016 350.00 9284 9289 Books